Welcome to CU Library Online Public Access Catalogue (OPAC)

TEACHING OF ENGLISH (Record no. 2441)

MARC details
000 -LEADER
fixed length control field 00359nam a22001457a 4500
005 - DATE AND TIME OF LATEST TRANSACTION
control field 20241218135703.0
008 - FIXED-LENGTH DATA ELEMENTS--GENERAL INFORMATION
fixed length control field 241218b |||||||| |||| 00| 0 eng d
020 ## - INTERNATIONAL STANDARD BOOK NUMBER
International Standard Book Number 9788183820035
050 ## - LIBRARY OF CONGRESS CALL NUMBER
Classification number PE1068
Item number KUM
100 ## - MAIN ENTRY--PERSONAL NAME
Personal name KUMAR, RAJENDER
245 ## - TITLE STATEMENT
Title TEACHING OF ENGLISH
260 ## - PUBLICATION, DISTRIBUTION, ETC.
Place of publication, distribution, etc. NEW DELHI
Name of publisher, distributor, etc. LOTUS PRESS
Date of publication, distribution, etc. c2006
300 ## - PHYSICAL DESCRIPTION
Extent v, 252p;
942 ## - ADDED ENTRY ELEMENTS (KOHA)
Source of classification or shelving scheme Library of Congress Classification
Koha item type Books
Suppress in OPAC No
999 ## -
-- 2441
-- 2441
Holdings
Withdrawn status Lost status Source of classification or shelving scheme Damaged status Not for loan Collection Home library Current library Shelving location Date acquired Total checkouts Full call number Barcode Date last seen Copy number Price effective from Koha item type
    Library of Congress Classification     Non-fiction Undergraduate Library (Christ Temple) Undergraduate Library (Christ Temple) General stacks 12/18/2024   PE1068 KUM ulct00000720 12/18/2024 1 12/18/2024 Books
    Library of Congress Classification     Non-fiction Undergraduate Library (Christ Temple) Undergraduate Library (Christ Temple) General stacks 12/18/2024   PE1068 KUM ulct00000721 12/18/2024 2 12/18/2024 Books
© 2023-2024 Copyright: Central University Libraries. All Rights Reserved | Created by: Mahone Tech Office